Aproximación a una bibliografía de Don Antonio Nariño y Álvarez (Record no. 5490)

MARC details
000 -LEADER
campo de control de longitud fija 00744cac a2200205 a 4500
003 - IDENTIFICADOR DE NÚMERO DE CONTROL
campo de control CO-PeBPM
005 - FECHA Y HORA DE LA ÚLTIMA TRANSACCIÓN
campo de control 20250918100434.0
008 - DATOS DE LONGITUD FIJA--INFORMACIÓN GENERAL
campo de control de longitud fija 231129s1995||||ck ||||||||||||| ||spa||
040 ## - FUENTE DE CATALOGACIÓN
Centro catalogador/agencia de origen CO-PeBPM
Lengua de catalogación spa
Centro/agencia transcriptor CO-PeBPM
Normas de descripción rda
041 ## - CÓDIGO DE IDIOMA
Código de lengua del texto/banda sonora o título independiente spa
082 04 - NÚMERO DE LA CLASIFICACIÓN DECIMAL DEWEY
Número de clasificación 012 R934a
Número de edición 22
100 1# - ENTRADA PRINCIPAL--NOMBRE DE PERSONA
Nombre de persona Ruiz Martínez, Eduardo
Término indicativo de función/relación autor
245 10 - MENCIÓN DEL TÍTULO
Título Aproximación a una bibliografía de Don Antonio Nariño y Álvarez
Mención de responsabilidad, etc. / Eduardo Ruíz Martínez
260 ## - PUBLICACIÓN, DISTRIBUCIÓN, ETC.
Lugar de publicación, distribución, etc. Bogotá, Colombia
Nombre del editor, distribuidor, etc. : Instituto Caro y Cuervo
Fecha de publicación, distribución, etc. , 1995
300 ## - DESCRIPCIÓN FÍSICA
Extensión 390 páginas
Dimensiones 23 centímetros
490 ## - MENCIÓN DE SERIE
Mención de serie Publicaciones del Instituto Caro y Cuervo, Serie Bibliográfica
Designación de volumen o secuencia XV
500 ## - NOTA GENERAL
Nota general Incluye índice al final del texto
600 14 - PUNTO DE ACCESO ADICIONAL DE MATERIA--NOMBRE DE PERSONA
Nombre de persona Nariño Álvarez, Antonio,
Fuente del encabezamiento o término LEMB
Fechas asociadas al nombre 1760-1823
942 ## - ELEMENTOS DE ENTRADA SECUNDARIOS (KOHA)
Fuente del sistema de clasificación o colocación Clasificación Decimal Dewey
Tipo de ítem Koha Libros
Holdings
Estatus retirado Estado de pérdida Fuente del sistema de clasificación o colocación Estado de daño No para préstamo Colección Biblioteca de origen Biblioteca actual Ubicación en estantería Fecha de adquisición Fuente de adquisición Total de préstamos Signatura topográfica completa Código de barras Visto por última vez Copia número Precio de reemplazo Tipo de ítem Koha
    Clasificación Decimal Dewey     General BIBLIOTECA PÚBLICA MUNICIPAL RAMON CORREA MEJIA BIBLIOTECA PÚBLICA MUNICIPAL RAMON CORREA MEJIA Colección general 09/07/2009 Donación   012 R934a 04295 29/11/2023 Ej. 1 29/11/2023 Libros

Powered by Koha